000 00294nam a22001337a 4500
008 171017b xxu||||| |||| 00| 0 eng d
020 _a0201178206
041 _aeng
080 _a338
100 _a53
101 _aMEN
245 _aPRODUCTION MANAGEMENT SYSTEMS
_cBROWNE,J
942 _2udc
_cBK
999 _c34507
_d34507